පිරිවෙන් අධ්යාපන විශේෂ කමිටුවේ වාර්තාව (Record no. 64502)
[ view plain ]
| 000 -LEADER | |
|---|---|
| fixed length control field | 00510nam a2200157Ia 4500 |
| 008 - FIXED-LENGTH DATA ELEMENTS--GENERAL INFORMATION | |
| fixed length control field | 180921t1971 xxu||||| ||||o00| 0 sin d |
| 041 ## - LANGUAGE CODE | |
| Language code of text/sound track or separate title | Sinhala; Sinhalese |
| 942 ## - ADDED ENTRY ELEMENTS (KOHA) | |
| Koha item type | Books |
| 003 - CONTROL NUMBER IDENTIFIER | |
| control field | LK-CoDNM |
| 040 ## - CATALOGING SOURCE | |
| Original cataloging agency | LK-CoDNM |
| Modifying agency | LK-CoDNM |
| Description conventions | LK-CoDNM |
| 245 ## - TITLE STATEMENT | |
| Title | පිරිවෙන් අධ්යාපන විශේෂ කමිටුවේ වාර්තාව |
| 246 ## - VARYING FORM OF TITLE | |
| Title proper/short title | Ceylon Sessional Papers : Piriven Adyapana Vishesha Kamituwe Warthawa |
| 260 ## - PUBLICATION, DISTRIBUTION, ETC. (IMPRINT) | |
| Date of publication, distribution, etc. | 1971 |
| 300 ## - PHYSICAL DESCRIPTION | |
| Extent | 28 cm |
| 500 ## - GENERAL NOTE | |
| General note | Sessional Paper xii -1971 |
| Withdrawn status | Lost status | Damaged status | Not for loan | Collection code | Permanent Location | Current Location | Date acquired | Barcode | Koha item type |
|---|---|---|---|---|---|---|---|---|---|
| Government Publications | Library National Museum Colombo - Sri Lanka | Library National Museum Colombo - Sri Lanka | 2014-04-30 | 112507-2-2 | Books |


